000 00300nam a2200133Ia 4500
005 20260328104300.0
008 260328s9999||||xx |||||||||||||| ||und||
100 _aKlein, Zach
245 0 _aCabin Porn /
_cZach Klein
260 _bLittle Brown
300 _a320 p.
650 _aMADERA
942 _cBK
999 _c10577
_d10577